000 01242cam a22003617a 4500
003 CHAP
005 20220329133039.0
008 971013s1990 r 00010 d
010 _a1584
011 _a2556
035 _a1751
040 _cCHAP
090 _aTesis
100 0 0 _aCasique Urrutia, Doravelia.
_919842
245 0 _aEvaluación de dos métodos de escarificación de semilla de siete especies de leguminosas forrajeras tropicales
260 _aChapingo, Méx. :
_bEl autor,
_c1990
300 _a89 h.
_b: ilus.
502 _aTesis (Ing. Agr. Esp. en Zootecnia) -- UACH. Departamento de Zootecnia
590 _aALEPH
_b10
_c20130110
_lUCH01
_h1208
590 _aBATCH-UPD
_b10
_c20130110
_lUCH01
_h0217
590 _aBATCH-UPD
_b10
_c20130110
_lUCH01
_h1633
590 _aBATCH-UPD
_b10
_c20130410
_lUCH01
_h1025
590 _aBATCH-UPD
_b10
_c20130914
_lUCH01
_h0855
590 _aCONVERSION
_b10
_c20130109
_lUCH01
_h1302
650 1 4 _aEscarificación.
_937470
650 1 4 _aGerminación.
_947755
650 1 4 _aLeguminosas forrajeras.
_965868
650 1 4 _aLeguminosas
_xSemilla.
_965851
901 _aBK
942 _cFOLL
949 _bBC
_cTES
_d-11244
_eTS1
_h23620
_i1751
_si
949 _bBC
_cTES
_d-69799
_eTS2
_fc.2
_h23621
_i1751
_si
999 _c1584
_d1584